000 00517nam a22002057a 4500
005 20260225162944.0
008 260225b |||||||| |||| 00| 0 eng d
020 _a9788121928137
_c825.00
040 _aMAIN
041 _aEnglish
082 _a539.7
_bLAL
100 _a Lal, Brij
_96234
245 _aHeat Thermodynamics And Statistical Physics
260 _aNew Delhi
_bS. Chand
_c2024
300 _a1067
650 _aPhysics
700 _a Subrahmanyam, N.
_912451
700 _aHemne, P. S
942 _cBK
999 _c60452
_d60452